000 00649nam a22001817a 4500
003 NUST-PNEC
005 20170116180746.0
008 150210b xxu||||| |||| 00| 0 eng d
020 _a0534566197
040 _cPNEC
082 _a302.2 MOR
100 _91331
_aSherwyn P. Morreale
_cHuman Communication: Motivation, Knowledge, and Skills
245 _aHuman Communication: Motivation, Knowledge, and Skills
_cSherwyn P. Morreale
300 _a541
600 _xMIS
856 _uhttp://www.amazon.com/Human-Communication-Motivation-Knowledge-InfoTrac/dp/0534566197/ref=sr_1_1?ie=UTF8&qid=1423559828&sr=8-1&keywords=0534566197
942 _2ddc
_cBK
999 _c62388
_d62388